000 00362nam a2200145Ia 4500
008 221030s9999 xx 000 0 und d
041 _aEnglish
082 _a105.23
_bRam
100 _aB. Ram
245 0 _aFundamentals Of Microprocessors & Microcomputers
260 _bDhanpat Rai Pub
_aNew Delhi
_c1997
300 _a490
650 _aBE Computer
942 _cBK
999 _c1034
_d1034